00333nam a2200133Ia 4500008004100000020000900041040001700050041001200067082001500079100002200094245003100116260004200147300001000189230917s9999||||xx |||||||||||||| ||und|| cRS60 e190393aMAIN aEnglish a294.6 B39J aBedi, Gurnam Kaur 0aJapuji: Sabhiachar sankalp aAmritsarbWaris Shah Foundationc1994 a92 p.